Представление документа в формате RUSMARC

ПолеНазваниеЗначение
  Тип записи a
  Библиографический уровень m
001 Контрольный номер RU/SLIB/B/208756057
005 Дата корректировки 20201206204153.3
010 Индекс ISBN __
d Цена 0-15
101 Язык документа __
a Язык текста rus
200 Заглавие и сведения об ответственности __
a Заглавие Памятник А. Н. Островскому
f Первые сведения об ответственности Шефов А. Н.
b Общее обозначение материала Текст
210 Выходные данные __
a Место издания М.
c Издательство Моск. рабочий
d Дата издания 1985
215 Физическое описание __
a Объем 47 с.
c Иллюстрации/тип воспроизводства ил.
225 Серия __
a Серия Биография московского памятника
330 Аннотация __
a Аннотация Книга рассказывает об истории создания памятника великому русскому драматургу А. Н. Островскому одним из основоположников изобразительной Ленинианы - скульптором Н. А. Андреевым. В ней использованы ранее не публиковавшиеся материалы из государственных и личных архивов.
600 Персоналии __
a Персоналии (Фамилия) Островский, А. Н.
600 Персоналии __
a Персоналии (Фамилия) Андреев, Н. А.
605 Заглавие как предмет __
a Заглавие Памятник А. Н. Островскому
606 Тематические рубрики __
a Основная рубрика Изобразительное искусство и архитектура
y Географическая подрубрика Россия
606 Тематические рубрики __
a Основная рубрика Виды скульптуры
610 Ключевые слова __
a Ключевые слова памятники культуры; персоналии; скульпторы; биографии; писатели; прозаики; памятники скульптуры; скульптурные памятники; скульптуры
686 Индексы других классификаций __
a Классификационный индекс 85.136.1(2)
700 Автор _1
a Фамилия Шефов
b Имя А. Н.
4 Код отношения 070
801 Источник записи _0
a Страна RU
b Организация Муниципальное бюджетное учреждение культуры "Централизованная библиотечная система" г. Сургут (Центральная городская библиотека им. А. С. Пушкина)
g Правила каталогизации КиК/Уланова
801 Источник записи _1
a Страна RU
b Организация Муниципальное бюджетное учреждение культуры "Централизованная библиотечная система" г. Сургут (Центральная городская библиотека им. А. С. Пушкина)
g Правила каталогизации КиК/Уланова
852 Данные о местонахождении __
j Шифр хранения 85.136.1(2)
c Каталожный индекс 85.133(2)6л6, 85.133(2)6-8
i Авторский знак Ш 53
p Инвентарный номер Б/Н
901 Тип документа __
t Тип документа m
990 Данные о заказе (DOS) __
j Количество экземпляров (DOS) 1